[Event "Hastings Chess Congress"]
[Site "Hastings ENG"]
[Date "2009.01.04"]
[EventDate "2008.12.28"]
[Round "8"]
[Result "0-1"]
[White "Alexandra Wilson"]
[Black "George P W Salimbeni"]
[WhiteElo "2026"]
[BlackElo "2103"]
[PlyCount "60"]

1. e4 e5 2. Nf3 Nc6 3. Bb5 a6 4. Ba4 b5 5. Bb3 Na5 6. O-O d6
7. c3 Nxb3 8. axb3 Bb7 9. Re1 g6 10. d4 Bg7 11. Nbd2 Ne7
12. b4 exd4 13. Nxd4 c5 14. bxc5 dxc5 15. N4b3 Rc8 16. Qe2 O-O
17. Nf3 c4 18. Nbd4 Re8 19. Bg5 Qb6 20. Qc2 Nc6 21. Nxc6 Qxc6
22. Nd4 Qc5 23. Nf3 h6 24. Be3 Qh5 25. Nd2 Be5 26. f4 Bg7
27. h3 Rcd8 28. Kh2 Rd3 29. Bf2 f5 30. exf5 Re2 0-1

[Event "Hastings Chess Congress"]
[Site "Hastings ENG"]
[Date "2009.01.04"]
[EventDate "2008.12.28"]
[Round "8"]
[Result "1-0"]
[White "Uwe Nebel"]
[Black "Juan Carlos Fernandez Fernandez"]
[WhiteElo "2001"]
[BlackElo "2062"]
[PlyCount "95"]

1. e4 c6 2. d4 d5 3. Nc3 dxe4 4. Nxe4 Nf6 5. Nxf6+ exf6 6. Bc4
Bd6 7. Qe2+ Qe7 8. Qxe7+ Kxe7 9. Be3 Be6 10. Bd3 Nd7 11. Ne2
Nb6 12. Nf4 Bc4 13. Kd2 Rhe8 14. b3 Bxd3 15. Kxd3 Rad8 16. c4
Kf8 17. Rae1 Bb4 18. Re2 Nd7 19. Kc2 f5 20. Nd3 Ba5 21. b4
Bxb4 22. Nxb4 f4 23. Rhe1 fxe3 24. Rxe3 Rxe3 25. Rxe3 a5
26. Nd3 Nf6 27. Kc3 Ng4 28. Re1 Nh6 29. Rb1 Nf5 30. Rxb7 Nxd4
31. Ne5 f6 32. Nd7+ Ke7 33. Kxd4 Rxd7+ 34. Rxd7+ Kxd7 35. Kc5
h5 36. a4 Kc7 37. f4 g6 38. h4 Kd7 39. Kb6 Kd6 40. Kxa5 Kc5
41. Ka6 Kxc4 42. Kb6 c5 43. a5 Kd4 44. a6 c4 45. a7 c3
46. a8=Q Kd3 47. Qd5+ Kc2 48. Kc5 1-0

[Event "Hastings Chess Congress"]
[Site "Hastings ENG"]
[Date "2009.01.04"]
[EventDate "2008.12.28"]
[Round "8"]
[Result "1/2-1/2"]
[White "Simon Knight"]
[Black "Joseph Quinn"]
[WhiteElo "2148"]
[BlackElo "1846"]
[PlyCount "62"]

1. b3 d5 2. Bb2 Nc6 3. Nf3 e6 4. e3 Nf6 5. Bb5 Bd7 6. O-O Bd6
7. d3 a6 8. Bxc6 Bxc6 9. Nbd2 Qe7 10. Ne5 Bxe5 11. Bxe5 O-O-O
12. b4 Qxb4 13. Rb1 Qe7 14. c4 dxc4 15. Nxc4 Qc5 16. f3 Bb5
17. Qb3 Bxc4 18. Qxb7+ Kd7 19. Bd4 Bd5 20. Qb2 Qe7 21. e4 Bc6
22. Qc2 e5 23. Rfc1 Bb5 24. Rxb5 axb5 25. Qc6+ Kc8 26. Qa6+
Kd7 27. Qxb5+ Kc8 28. Qa6+ Kd7 29. Qc6+ Kc8 30. Qa8+ Kd7
31. Qc6+ Kc8 1/2-1/2

[Event "Hastings Chess Congress"]
[Site "Hastings ENG"]
[Date "2009.01.04"]
[EventDate "2008.12.28"]
[Round "8"]
[Result "1-0"]
[White "Nigel P Donovan"]
[Black "Manuel Jesus Conde Chijeb"]
[WhiteElo "2093"]
[BlackElo "1790"]
[PlyCount "81"]

1. e4 e6 2. d3 d6 3. Nf3 Nf6 4. g3 Be7 5. Bg2 O-O 6. O-O Nbd7
7. Re1 Re8 8. Nbd2 Rb8 9. d4 e5 10. c3 a6 11. a4 Bf8 12. a5 g6
13. Qc2 Bg7 14. b4 b5 15. axb6 cxb6 16. Bb2 Qc7 17. dxe5 dxe5
18. Rad1 b5 19. Nb3 Nb6 20. Na5 Nc4 21. Nxc4 bxc4 22. Ra1 Rb5
23. Bf1 Nd7 24. Qe2 Nb6 25. Nd2 Be6 26. Rxa6 Qb7 27. Rea1 Bh6
28. Nf3 Rd8 29. R1a5 Ra8 30. Rxa8+ Nxa8 31. Rxb5 Qxb5 32. Qd1
Qb8 33. Bc1 Bxc1 34. Qxc1 Bg4 35. Nd2 Qb7 36. Bxc4 Nb6 37. Bf1
Kg7 38. c4 Be6 39. c5 Nc8 40. Qc3 f6 41. b5 1-0

[Event "Hastings Chess Congress"]
[Site "Hastings ENG"]
[Date "2009.01.04"]
[EventDate "2008.12.28"]
[Round "8"]
[Result "0-1"]
[White "James S Macrae"]
[Black "James J McDonnell"]
[WhiteElo "1778"]
[BlackElo "2041"]
[PlyCount "58"]

1. d4 d5 2. Nf3 Nf6 3. Bg5 Ne4 4. Bf4 c6 5. c3 h6 6. Nbd2 Bf5
7. Nxe4 Bxe4 8. Qb3 b6 9. Nd2 Bh7 10. f3 e6 11. e4 Bd6 12. Be3
O-O 13. Bd3 Nd7 14. c4 Re8 15. O-O-O dxc4 16. Nxc4 Be7
17. Rdg1 a6 18. g3 c5 19. Qc2 cxd4 20. Bxd4 b5 21. Kb1 bxc4
22. Bxc4 Nb6 23. Rd1 Qc7 24. Bxb6 Qxb6 25. h4 Red8 26. Rhg1
Rxd1+ 27. Qxd1 Rd8 28. Qf1 Rd2 29. Qc1 Rxb2+ 0-1

[Event "Hastings Chess Congress"]
[Site "Hastings ENG"]
[Date "2009.01.04"]
[EventDate "2008.12.28"]
[Round "8"]
[Result "1-0"]
[White "Tom C O'Neill"]
[Black "Birk Anders Rolvaag"]
[WhiteElo "1518"]
[BlackElo "1880"]
[PlyCount "52"]

1. e4 c5 2. Nf3 Nc6 3. d4 cxd4 4. Nxd4 g6 5. c4 Bg7 6. Be3 Nf6
7. f3 O-O 8. Nc3 Qb6 9. Qd2 Qd8 10. g4 d6 11. h4 h5 12. gxh5
Nxh5 13. Nxc6 bxc6 14. Bh6 Qb6 15. Bxg7 Kxg7 16. O-O-O Rb8
17. b3 Rh8 18. Na4 Qb4 19. Qb2+ e5 20. c5 Be6 21. cxd6 f6
22. Rh2 Nf4 23. Rc2 Rhd8 24. Nc5 Qb6 25. d7 a5 26. Rd6 Rb7 1-0

[Event "Hastings Chess Congress"]
[Site "Hastings ENG"]
[Date "2009.01.05"]
[EventDate "2008.12.28"]
[Round "9"]
[Result "1/2-1/2"]
[White "Valery Neverov"]
[Black "Igor Kurnosov"]
[WhiteElo "2571"]
[BlackElo "2606"]
[PlyCount "55"]

1. d4 Nf6 2. c4 g6 3. Nf3 Bg7 4. g3 c5 5. Bg2 cxd4 6. Nxd4 O-O
7. O-O d5 8. cxd5 Nxd5 9. Nc3 Nxc3 10. bxc3 Qc7 11. Qb3 Nc6
12. Rb1 Nxd4 13. cxd4 Bxd4 14. Be3 Bxe3 15. Qxe3 Rd8 16. Rfc1
Qd6 17. Bxb7 Bxb7 18. Rxb7 Rd7 19. Rxd7 Qxd7 20. Qe5 f6
21. Qc7 Rd8 22. Qxd7 Rxd7 23. Rc6 Rd2 24. Ra6 Rxe2 25. Rxa7 g5
26. Kf1 Rb2 27. h3 h5 28. Rxe7 1/2-1/2

[Event "Hastings Chess Congress"]
[Site "Hastings ENG"]
[Date "2009.01.05"]
[EventDate "2008.12.28"]
[Round "9"]
[Result "1-0"]
[White "Simon Kim Williams"]
[Black "Stephen Gordon"]
[WhiteElo "2494"]
[BlackElo "2521"]
[PlyCount "69"]

1. d4 Nf6 2. c4 e6 3. Nf3 d5 4. Nc3 c6 5. Bg5 h6 6. Bh4 dxc4
7. e4 g5 8. Bg3 b5 9. Be2 Bb7 10. e5 Nd5 11. Nd2 Nd7 12. Nde4
Qb6 13. a4 a5 14. Rc1 Nxc3 15. Nxc3 b4 16. Ne4 c5 17. dxc5
Bxc5 18. Rxc4 Bd5 19. O-O O-O 20. Rxc5 Bxe4 21. Rb5 Qc6 22. f3
Bc2 23. Qd2 Bxa4 24. Rc1 Bxb5 25. Rxc6 Bxc6 26. h4 Rfd8
27. hxg5 Nf8 28. Qc1 Be8 29. gxh6 f5 30. Qg5+ Bg6 31. Bc4 Rd1+
32. Kh2 Re8 33. Bb5 Rb8 34. Qe7 Bf7 35. Qf6 1-0

[Event "Hastings Chess Congress"]
[Site "Hastings ENG"]
[Date "2009.01.05"]
[EventDate "2008.12.28"]
[Round "9"]
[Result "1-0"]
[White "Mark Hebden"]
[Black "Gudmundur Kjartansson"]
[WhiteElo "2515"]
[BlackElo "2284"]
[PlyCount "113"]

1. d4 Nf6 2. Nf3 e6 3. e3 b6 4. Bd3 Bb7 5. O-O d5 6. b3 Bd6
7. Bb2 O-O 8. c4 c5 9. cxd5 Nxd5 10. dxc5 Bxc5 11. Nc3 Qe7
12. Nxd5 Bxd5 13. Qc2 f5 14. e4 fxe4 15. Bxe4 Bxe4 16. Qxe4
Nd7 17. Rae1 Rae8 18. Qb7 Nf6 19. Qxe7 Rxe7 20. Ne5 Rc7
21. Re2 Rd8 22. g3 Rd5 23. Kg2 Nd7 24. Nf3 Kf7 25. Rc1 Bd6
26. Rxc7 Bxc7 27. Rc2 Rc5 28. Rd2 Rd5 29. Rxd5 exd5 30. Kf1
Bd8 31. Ke2 Bf6 32. Bd4 Nc5 33. Ne5+ Bxe5 34. Bxe5 g6 35. Ke3
Ke6 36. Bb8 a5 37. Bc7 a4 38. bxa4 Nxa4 39. Kd4 Kd7 40. Bf4
Ke6 41. Bc1 Nc5 42. f3 Na6 43. Kc3 Kd6 44. Be3 Kc6 45. g4 Nb8
46. f4 Nd7 47. Bd4 Kd6 48. f5 gxf5 49. gxf5 Ne5 50. Bxb6 Nf3
51. f6 Nxh2 52. Bc7+ Ke6 53. Bxh2 Kxf6 54. Kd4 Ke6 55. a4 Kd7
56. Kxd5 Kc8 57. Kc6 1-0

[Event "Hastings Chess Congress"]
[Site "Hastings ENG"]
[Date "2009.01.05"]
[EventDate "2008.12.28"]
[Round "9"]
[Result "1/2-1/2"]
[White "Simon T Ansell"]
[Black "Luc Bergez"]
[WhiteElo "2410"]
[BlackElo "2356"]
[PlyCount "65"]

1. e4 d5 2. exd5 Nf6 3. d4 Nxd5 4. Nf3 Bf5 5. Nh4 Bc8 6. g3 g6
7. Bg2 Bg7 8. O-O O-O 9. Re1 c6 10. c3 Nd7 11. Nf3 c5 12. Qb3
e6 13. Bg5 Qb6 14. Qxb6 axb6 15. Nbd2 h6 16. Be3 b5 17. dxc5
Nxe3 18. Rxe3 Nxc5 19. a3 Rd8 20. Bf1 Bd7 21. Rc1 Bc6 22. Rc2
Rd6 23. c4 bxc4 24. Nxc4 Rd1 25. Nce5 Bxe5 26. Nxe5 Bb5
27. Nc4 Rad8 28. Kg2 Rxf1 29. Kxf1 Rd4 30. b3 Nxb3 31. Rxb3
Bxc4+ 32. Rxc4 Rxc4 33. Rxb7 1/2-1/2

[Event "Hastings Chess Congress"]
[Site "Hastings ENG"]
[Date "2009.01.05"]
[EventDate "2008.12.28"]
[Round "9"]
[Result "0-1"]
[White "John Anderson"]
[Black "Stewart Haslinger"]
[WhiteElo "2213"]
[BlackElo "2506"]
[PlyCount "38"]

1. e4 e5 2. Nf3 Nc6 3. Nc3 g6 4. d4 exd4 5. Nxd4 Bg7 6. Be3
Nf6 7. f3 O-O 8. Qd2 Re8 9. O-O-O d5 10. Nxc6 bxc6 11. Bh6 Bh8
12. Bg5 Qd6 13. h4 Rb8 14. a3 Nd7 15. h5 Nc5 16. hxg6 fxg6
17. exd5 Rxb2 18. Bc4 Nb3+ 19. Bxb3 Qxa3 0-1

[Event "Hastings Chess Congress"]
[Site "Hastings ENG"]
[Date "2009.01.05"]
[EventDate "2008.12.28"]
[Round "9"]
[Result "0-1"]
[White "Willy Hendriks"]
[Black "Andrew D Green"]
[WhiteElo "2447"]
[BlackElo "2102"]
[PlyCount "64"]

1. e4 Nf6 2. e5 Nd5 3. d4 d6 4. Nf3 dxe5 5. Nxe5 c6 6. Be2 Bf5
7. O-O Nd7 8. Nf3 h6 9. c4 Nb4 10. Nc3 Nc2 11. Rb1 Nb4 12. Be3
Bxb1 13. Qxb1 e6 14. a3 Na6 15. d5 e5 16. dxc6 bxc6 17. Rd1
Qc7 18. Rxd7 Qxd7 19. Nxe5 Qe6 20. Qe4 g6 21. c5 f5 22. Qa4
Nxc5 23. Bxc5 Bxc5 24. Bc4 Qxe5 25. Qxc6+ Kf8 26. Qxa8+ Kg7
27. Qb7+ Qe7 28. Qxe7+ Bxe7 29. Nd5 Rc8 30. Nxe7 Rxc4 31. g3
Rc2 32. b4 Ra2 0-1

[Event "Hastings Chess Congress"]
[Site "Hastings ENG"]
[Date "2009.01.05"]
[EventDate "2008.12.28"]
[Round "9"]
[Result "0-1"]
[White "Nikoloz Chkhaidze"]
[Black "Jovanka Houska"]
[WhiteElo "2203"]
[BlackElo "2399"]
[PlyCount "48"]

1. e4 c6 2. d4 d5 3. Nc3 dxe4 4. Nxe4 Bf5 5. Ng3 Bg6 6. Nf3
Nd7 7. h4 h6 8. h5 Bh7 9. Bd3 Bxd3 10. Qxd3 e6 11. Bd2 Ngf6
12. O-O-O Be7 13. Ne4 c5 14. g4 cxd4 15. g5 Nxe4 16. Qxe4 hxg5
17. Nxd4 Nc5 18. Qg4 Qd5 19. Bc3 Qxa2 20. b3 Rc8 21. Rh3 f5
22. Qe2 Ne4 23. Bb2 Ba3 24. Qb5+ Rc6 0-1

[Event "Hastings Chess Congress"]
[Site "Hastings ENG"]
[Date "2009.01.05"]
[EventDate "2008.12.28"]
[Round "9"]
[Result "0-1"]
[White "Julian Antonio Rojas Alarcon"]
[Black "Daniel Gormally"]
[WhiteElo "2187"]
[BlackElo "2514"]
[PlyCount "80"]

1. d4 Nf6 2. c4 g6 3. Nc3 d5 4. Nf3 Bg7 5. Bg5 dxc4 6. e4 c5
7. d5 b5 8. e5 b4 9. exf6 exf6 10. Be3 bxc3 11. bxc3 O-O
12. Bxc4 Nd7 13. O-O Nb6 14. Qb3 Qd6 15. Rfd1 Bd7 16. a4 Rfb8
17. a5 Na4 18. Qa3 f5 19. Rdc1 f4 20. Bd2 Nb2 21. Bb3 Nd3
22. Rd1 Bg4 23. Rab1 Bxf3 24. gxf3 Ne5 25. Kg2 Qf6 26. Qa4
Qg5+ 27. Kh1 c4 28. Bxc4 Nxf3 29. Rxb8+ Rxb8 30. d6 Nxd2
31. Bxf7+ Kh8 32. d7 f3 33. d8=R+ Rxd8 34. Rg1 Qe7 35. Qf4 Ne4
36. Qe3 Rd3 37. Qe1 Bxc3 38. Qf1 Rd1 39. Bc4 Rxf1 40. Rxf1 Qc5
0-1

[Event "Hastings Chess Congress"]
[Site "Hastings ENG"]
[Date "2009.01.05"]
[EventDate "2008.12.28"]
[Round "9"]
[Result "1-0"]
[White "Alexander Cherniaev"]
[Black "Alan Grant Kerr"]
[WhiteElo "2438"]
[BlackElo "2192"]
[PlyCount "86"]

1. e4 c5 2. Na3 e6 3. c3 Nf6 4. d3 d5 5. e5 Nfd7 6. f4 Nc6
7. Nf3 Be7 8. d4 Rb8 9. Bd3 c4 10. Bc2 b5 11. O-O b4 12. Nb1
g6 13. cxb4 Nxb4 14. Nc3 Nxc2 15. Qxc2 Nb6 16. Be3 Bd7
17. Rae1 Bc6 18. h3 h5 19. Ng5 Qd7 20. Bc1 Bb4 21. Re3 Kd8
22. Bd2 Kc8 23. Ne2 Bf8 24. g4 hxg4 25. hxg4 Rb7 26. Rg3 Bh6
27. f5 gxf5 28. gxf5 Qe8 29. Rf2 Kb8 30. Rfg2 Nc8 31. f6 Ba4
32. Qc1 Bxg5 33. Rxg5 Qb5 34. Nc3 Qa6 35. Rg8 Rxg8 36. Rxg8
Bc6 37. Kf2 Qb6 38. Ke3 Qxb2 39. Qxb2 Rxb2 40. Rf8 Rb7 41. Bc1
Rc7 42. Kf4 Kb7 43. Kg5 Kb8 1-0

[Event "Hastings Chess Congress"]
[Site "Hastings ENG"]
[Date "2009.01.05"]
[EventDate "2008.12.28"]
[Round "9"]
[Result "1/2-1/2"]
[White "Matthew N Anderton"]
[Black "Thomas E Rendle"]
[WhiteElo "2232"]
[BlackElo "2385"]
[PlyCount "82"]

1. e4 e6 2. d3 d5 3. Nd2 c5 4. Ngf3 Nc6 5. g3 Bd6 6. Bg2 Nge7
7. O-O O-O 8. Re1 Qc7 9. Qe2 f6 10. c3 Bd7 11. Nb3 b6 12. d4
c4 13. Nbd2 b5 14. Nf1 dxe4 15. Qxe4 Nd5 16. Ne3 Nce7 17. Bh3
f5 18. Nxd5 Nxd5 19. Qh4 Rae8 20. Ne5 Bc8 21. Bd2 a5 22. a3
Bb7 23. Bg2 Nb6 24. Re2 Bxg2 25. Kxg2 Qb7+ 26. Kg1 Nd5
27. Rae1 Nf6 28. Qh3 Ne4 29. f3 Nf6 30. Qg2 Nd5 31. Bc1 Qc8
32. Qf1 f4 33. Re4 Rf5 34. Qe2 fxg3 35. hxg3 Nf6 36. Re3 Bxe5
37. Rxe5 Rxe5 38. Qxe5 Qc6 39. Bg5 Nd7 40. Qe3 Qd5 41. Bf4 Qf5
1/2-1/2

[Event "Hastings Chess Congress"]
[Site "Hastings ENG"]
[Date "2009.01.05"]
[EventDate "2008.12.28"]
[Round "9"]
[Result "1/2-1/2"]
[White "Felix J Kwiatkowski"]
[Black "Sahaj Grover"]
[WhiteElo "2219"]
[BlackElo "2313"]
[PlyCount "107"]

1. e4 e5 2. Nf3 Nc6 3. Bb5 a6 4. Ba4 Nf6 5. O-O Bc5 6. c3 b5
7. Bb3 d6 8. a4 Bg4 9. h3 Bxf3 10. Qxf3 Na5 11. Bc2 b4 12. d3
O-O 13. Nd2 Rb8 14. Qe2 Re8 15. Nf3 bxc3 16. bxc3 Nb3 17. Bxb3
Rxb3 18. d4 exd4 19. cxd4 Rxe4 20. Be3 Bb4 21. Qxa6 d5
22. Rab1 Rxb1 23. Rxb1 Re6 24. Qa7 Rb6 25. Ne5 Qc8 26. Nc6
Rxc6 27. Rxb4 Nd7 28. Qb7 Qxb7 29. Rxb7 Kf8 30. Rb5 Ra6
31. Rxd5 Ke7 32. a5 c6 33. Rg5 Nf8 34. d5 cxd5 35. Rxd5 Nd7
36. Kf1 Nb8 37. Bb6 Nd7 38. Bd4 f6 39. Ke2 Nb8 40. Bc3 Nc6
41. Kd3 Ra8 42. Kc4 Rc8 43. Kb3 Ke6 44. Rd3 Ra8 45. Ka4 Rb8
46. Rd1 g6 47. Re1+ Kd5 48. Rd1+ Kc5 49. Rc1 Kd5 50. Rc2 f5
51. Rb2 Re8 52. Rc2 Rb8 53. Rb2 Re8 54. Rc2 1/2-1/2

[Event "Hastings Chess Congress"]
[Site "Hastings ENG"]
[Date "2009.01.05"]
[EventDate "2008.12.28"]
[Round "9"]
[Result "1-0"]
[White "Didier Leroy"]
[Black "Ian Snape"]
[WhiteElo "2286"]
[BlackElo "2219"]
[PlyCount "81"]

1. d4 Nf6 2. c4 g6 3. f3 c5 4. d5 e6 5. e4 exd5 6. cxd5 d6
7. Ne2 Bg7 8. Nec3 O-O 9. Be3 a6 10. a4 Nbd7 11. Be2 h5 12. h3
Nh7 13. O-O f5 14. Qd2 Qf6 15. exf5 gxf5 16. f4 Qg6 17. Kh1
Rf7 18. Na3 Rb8 19. Bg1 Nhf6 20. Nc4 Bf8 21. Bh2 b5 22. axb5
axb5 23. Ne3 b4 24. Ncd1 Ne4 25. Qe1 Ndf6 26. Bf3 Rh7 27. Nf2
Nxf2+ 28. Rxf2 Ng4 29. Re2 Nxh2 30. Kxh2 Qh6 31. Qg3+ Rg7
32. Qh4 Be7 33. Qxh5 Qxf4+ 34. Kh1 Bf6 35. Ng4 Be7 36. Rxe7
Rxe7 37. Qg6+ Kh8 38. Qf6+ Rg7 39. Qh4+ Rh7 40. Qd8+ Kg7
41. Qe7+ 1-0

[Event "Hastings Chess Congress"]
[Site "Hastings ENG"]
[Date "2009.01.05"]
[EventDate "2008.12.28"]
[Round "9"]
[Result "1-0"]
[White "Michael J R White"]
[Black "Chino C Atako"]
[WhiteElo "2242"]
[BlackElo "2100"]
[PlyCount "105"]

1. Nf3 d6 2. e4 g6 3. d4 Bg7 4. Nc3 Nf6 5. Be2 O-O 6. O-O c6
7. a4 Qc7 8. h3 Nbd7 9. Be3 e5 10. Qd2 Re8 11. d5 cxd5
12. Nxd5 Nxd5 13. Qxd5 Nc5 14. Rfd1 Be6 15. Qxd6 Qxd6 16. Rxd6
Nxe4 17. Rdd1 Rec8 18. c3 h6 19. Nd2 Nd6 20. f3 Bf8 21. a5 f5
22. Rdc1 a6 23. g4 Rc6 24. c4 Rac8 25. c5 Bg7 26. Ra4 f4
27. Bf2 Rd8 28. Rb4 Bc8 29. Nb1 Nf7 30. Bc4 Kf8 31. Nc3 Bf6
32. h4 Be7 33. Ne4 Rd7 34. Kf1 Nd8 35. Bb3 Rd3 36. Ke2 Rd7
37. Ba4 Rd5 38. Bxc6 Nxc6 39. Rb6 Bd8 40. Nd6 Rxd6 41. cxd6
Bxb6 42. axb6 Ke8 43. Kd3 Kd7 44. Ke4 Ke6 45. b4 Bd7 46. Rc5
Kf7 47. b5 axb5 48. Rxb5 Ke6 49. Rd5 Kf7 50. Bc5 Ke6 51. Ba3
Kf7 52. Bb2 Nb4 53. Rc5 1-0

[Event "Hastings Chess Congress"]
[Site "Hastings ENG"]
[Date "2009.01.05"]
[EventDate "2008.12.28"]
[Round "9"]
[Result "1/2-1/2"]
[White "Vladimir Prosviriakov"]
[Black "Dominic Foord"]
[WhiteElo "2327"]
[BlackElo "2043"]
[PlyCount "54"]

1. e4 e5 2. Bc4 Nc6 3. Nc3 Nf6 4. d3 Na5 5. Qf3 Bb4 6. Nge2 d6
7. a3 Bxc3+ 8. Nxc3 Nxc4 9. dxc4 c6 10. Qg3 Nh5 11. Qf3 Nf6
12. h3 Be6 13. b3 Qe7 14. Bg5 h6 15. Bxf6 Qxf6 16. Qxf6 gxf6
17. O-O-O Ke7 18. g4 h5 19. f3 Rh7 20. Rhf1 hxg4 21. hxg4 Rd8
22. Rd3 Rh2 23. Rfd1 Rf2 24. R1d2 Rf1+ 25. Kb2 Rh8 26. Rd1 Rf2
27. R1d2 Rf1 1/2-1/2

[Event "Hastings Chess Congress"]
[Site "Hastings ENG"]
[Date "2009.01.05"]
[EventDate "2008.12.28"]
[Round "9"]
[Result "0-1"]
[White "Sohel Chowdhury"]
[Black "Petr Marusenko"]
[WhiteElo "2168"]
[BlackElo "2320"]
[PlyCount "44"]

1. e4 c6 2. d4 d5 3. e5 c5 4. c3 Nc6 5. Nf3 Bg4 6. Be2 e6
7. Nbd2 cxd4 8. cxd4 Qb6 9. a3 Nh6 10. Nb3 Nf5 11. Be3 a5
12. a4 Bb4+ 13. Kf1 O-O 14. h3 Bxf3 15. Bxf3 f6 16. exf6 Rxf6
17. Qd3 Raf8 18. Ke2 h6 19. Rhf1 Nh4 20. Rad1 Nxf3 21. gxf3
Bd6 22. Qb5 Qa7 0-1

[Event "Hastings Chess Congress"]
[Site "Hastings ENG"]
[Date "2009.01.05"]
[EventDate "2008.12.28"]
[Round "9"]
[Result "0-1"]
[White "Francis Rayner"]
[Black "Malek Mohammed Abdul"]
[WhiteElo "2151"]
[BlackElo "2264"]
[PlyCount "75"]

1. c4 Nf6 2. Nf3 c6 3. e3 d5 4. b3 Bf5 5. Bb2 e6 6. Be2 h6
7. O-O Bd6 8. Nc3 O-O 9. Rc1 Nbd7 10. cxd5 exd5 11. d3 Qe7
12. Re1 Rfe8 13. h3 Rad8 14. Bf1 Bb4 15. Rc2 Bg6 16. Qc1 a6
17. a3 Bd6 18. e4 dxe4 19. dxe4 Nh5 20. g3 Nc5 21. b4 Nb3
22. Qe3 a5 23. Bc4 axb4 24. Bxb3 Bc5 25. Nd5 Rxd5 26. Qc1 Rd3
27. Rxc5 Rxb3 28. Re5 Qf8 29. Rxe8 Qxe8 30. Nd4 Rd3 31. axb4
Qb8 32. Re3 Rxe3 33. Qxe3 Qe5 34. Qa3 Qxe4 35. Kh2 Qe5 36. Kg2
Be4+ 37. Nf3 Qe7 38. Bd4 0-1

[Event "Hastings Chess Congress"]
[Site "Hastings ENG"]
[Date "2009.01.05"]
[EventDate "2008.12.28"]
[Round "9"]
[Result "1/2-1/2"]
[White "Richard Almond"]
[Black "Karl McPhillips"]
[WhiteElo "2138"]
[BlackElo "2222"]
[PlyCount "78"]

1. d4 Nf6 2. c4 e6 3. Nc3 Bb4 4. Qc2 d5 5. a3 Bxc3+ 6. Qxc3 c5
7. dxc5 d4 8. Qg3 Nc6 9. Nf3 O-O 10. Bh6 Ne8 11. h4 Qa5+
12. Bd2 Qxc5 13. e3 a5 14. exd4 Nxd4 15. Nxd4 Qxd4 16. Bc3
Qe4+ 17. Be2 f5 18. Qf3 Bd7 19. Qxe4 fxe4 20. Rd1 Ba4 21. Rd4
Nf6 22. Rd6 Kf7 23. Rh3 Ke7 24. Rd2 Bc6 25. Rg3 g6 26. Rg5 b6
27. b4 Kf7 28. Rd6 axb4 29. axb4 h6 30. Rg3 Rfc8 31. b5 Be8
32. Rxb6 Rc7 33. Be5 Rd7 34. Rd6 Rxd6 35. Bxd6 Ra1+ 36. Kd2
Ra2+ 37. Ke1 Ra1+ 38. Kd2 Ra2+ 39. Ke1 Ra1+ 1/2-1/2

[Event "Hastings Chess Congress"]
[Site "Hastings ENG"]
[Date "2009.01.05"]
[EventDate "2008.12.28"]
[Round "9"]
[Result "0-1"]
[White "David Spence"]
[Black "Ryan Rhys Griffiths"]
[WhiteElo "2214"]
[BlackElo "2107"]
[PlyCount "100"]

1. e4 c5 2. c3 d5 3. exd5 Qxd5 4. d4 Nc6 5. Nf3 Bg4 6. dxc5
Qxd1+ 7. Kxd1 e5 8. b4 a5 9. Bb5 Nge7 10. Bd2 axb4 11. cxb4
O-O-O 12. Kc1 Bxf3 13. gxf3 Nd4 14. Bc4 Nxf3 15. Bxf7 g6
16. Bc3 Bh6+ 17. Kb2 Rhf8 18. Bc4 Rf4 19. Na3 Nd4 20. Rhf1
Rdf8 21. Rae1 Bg7 22. f3 Nxf3 23. Rd1 Nd4 24. Rxf4 Rxf4
25. Nb5 Nef5 26. Nxd4 exd4 27. Be6+ Kc7 28. Be1 Be5 29. Bxf5
Rxf5 30. Bg3 Bxg3 31. hxg3 Rg5 32. Rxd4 Rxg3 33. b5 h5 34. Rf4
Rg5 35. Rf7+ Kc8 36. Rf8+ Kc7 37. Rf7+ Kb8 38. Rf8+ Ka7
39. Rc8 b6 40. Rc7+ Kb8 41. Rc6 bxc5 42. a4 h4 43. a5 h3
44. Rb6+ Kc7 45. Rc6+ Kd7 46. a6 h2 47. a7 h1=Q 48. a8=Q Rg2+
49. Kb3 Qb1+ 50. Kc4 Qb4+ 0-1

[Event "Hastings Chess Congress"]
[Site "Hastings ENG"]
[Date "2009.01.05"]
[EventDate "2008.12.28"]
[Round "9"]
[Result "1-0"]
[White "Rasa Norinkeviciute"]
[Black "Jens Nebel"]
[WhiteElo "2005"]
[BlackElo "2199"]
[PlyCount "69"]

1. c4 Nf6 2. g3 e6 3. Bg2 a6 4. Nf3 b5 5. b3 c5 6. Ne5 Ra7
7. f4 Qb6 8. d3 Be7 9. O-O Bb7 10. e4 d5 11. Qe2 O-O 12. Nd2
Rd8 13. h3 dxe4 14. dxe4 Nfd7 15. Bb2 Nxe5 16. Bxe5 Nc6
17. Bb2 Nd4 18. Bxd4 Rxd4 19. Rf2 Bc6 20. Qf1 Rad7 21. Nf3
Bxe4 22. Nxd4 Bxg2 23. Kxg2 cxd4 24. Qd3 Bf6 25. Rc1 Rc7
26. Rfc2 g6 27. cxb5 Rxc2+ 28. Rxc2 axb5 29. a4 bxa4 30. bxa4
h5 31. Qb5 Qd6 32. Qe8+ Kh7 33. Qxf7+ Bg7 34. Rc7 Qd5+ 35. Kg1
1-0

[Event "Hastings Chess Congress"]
[Site "Hastings ENG"]
[Date "2009.01.05"]
[EventDate "2008.12.28"]
[Round "9"]
[Result "1-0"]
[White "Christine Flear"]
[Black "Oliver Jackson"]
[WhiteElo "2092"]
[BlackElo "2182"]
[PlyCount "69"]

1. d4 Nf6 2. c4 c5 3. d5 b5 4. Nd2 bxc4 5. e4 g6 6. Bxc4 d6
7. b3 Bg7 8. Bb2 O-O 9. Qc2 Na6 10. a3 Nc7 11. Ngf3 e6
12. dxe6 fxe6 13. e5 Nfd5 14. exd6 Qxd6 15. Bxg7 Kxg7 16. Ne4
Qe7 17. Qb2+ Kg8 18. O-O-O a5 19. h4 h6 20. Ne5 Qg7 21. Nxc5
a4 22. Nxa4 Ba6 23. Nc5 Bxc4 24. Nxc4 Qxb2+ 25. Kxb2 Rxf2+
26. Rd2 Raf8 27. Rhd1 R2f4 28. Nxe6 Nxe6 29. Rxd5 Rxh4 30. Ne5
Kg7 31. Rd6 Rf2+ 32. Kb1 Kf6 33. Re1 Kf5 34. Rxe6 Rxg2 35. Nc4
1-0

[Event "Hastings Chess Congress"]
[Site "Hastings ENG"]
[Date "2009.01.05"]
[EventDate "2008.12.28"]
[Round "9"]
[Result "0-1"]
[White "Ihab Salem"]
[Black "George Dickson"]
[WhiteElo "2171"]
[BlackElo "2135"]
[PlyCount "126"]

1. e4 e5 2. Nf3 Nc6 3. Bb5 a6 4. Ba4 Nf6 5. O-O b5 6. Bb3 Bc5
7. a4 Rb8 8. c3 d6 9. d4 Bb6 10. axb5 axb5 11. Na3 Bg4
12. Nxb5 O-O 13. h3 Bxf3 14. gxf3 Qd7 15. Kh2 exd4 16. cxd4
Bxd4 17. Nxd4 Nxd4 18. Ba4 Nb5 19. Rg1 Qe6 20. Rg5 h6 21. Rf5
c5 22. Bb3 c4 23. Ba4 d5 24. Bf4 dxe4 25. Rxb5 Rxb5 26. Bxb5
Qb6 27. Bxc4 Qxf2+ 28. Kh1 Nh5 29. Bh2 exf3 30. Qf1 Qxb2
31. Ra2 Qd4 32. Rf2 Ra8 33. Ra2 Rxa2 34. Bxa2 f2 35. Bc4 Qe4+
36. Qg2 Qxc4 37. Qxf2 Nf6 38. Bf4 Nd5 39. Bd2 Qe4+ 40. Kh2 g5
41. h4 Qe5+ 42. Kh1 Nf4 43. hxg5 hxg5 44. Bxf4 Qxf4 45. Qc2 g4
46. Qc8+ Kg7 47. Qc5 Kg6 48. Qc6+ Qf6 49. Qe4+ Qf5 50. Qc6+
Qe6 51. Qc2+ f5 52. Qc7 Qe4+ 53. Kg1 Qe3+ 54. Kg2 Kf6 55. Qd8+
Qe7 56. Qh8+ Kg5 57. Qb8 Qe4+ 58. Kg1 Qd4+ 59. Kg2 Qd2+
60. Kh1 Kh4 61. Qh8+ Kg3 62. Qb8+ f4 63. Qb3+ Qe3 0-1

[Event "Hastings Chess Congress"]
[Site "Hastings ENG"]
[Date "2009.01.05"]
[EventDate "2008.12.28"]
[Round "9"]
[Result "1/2-1/2"]
[White "Konstantinos Nikolaidis"]
[Black "Norman Hutchinson"]
[WhiteElo "2264"]
[BlackElo "2075"]
[PlyCount "61"]

1. d4 Nf6 2. c4 e6 3. Nc3 Bb4 4. e3 O-O 5. Nge2 d5 6. a3 Bd6
7. c5 Be7 8. Ng3 b6 9. b4 c6 10. Bd3 a5 11. Rb1 Nbd7 12. O-O
axb4 13. axb4 Qc7 14. Re1 Ba6 15. Bc2 Bc4 16. Nf1 Bxf1
17. Rxf1 b5 18. f4 Ne8 19. e4 dxe4 20. Bxe4 Ndf6 21. Nxb5 Qd7
22. Nc3 Nxe4 23. Nxe4 Nc7 24. Qd3 Rfd8 25. Rd1 Nb5 26. Be3 f5
27. Ng3 Qd5 28. Ne2 Ra3 29. Qd2 Bf6 30. Bf2 Rda8 31. Rb2
1/2-1/2

[Event "Hastings Chess Congress"]
[Site "Hastings ENG"]
[Date "2009.01.05"]
[EventDate "2008.12.28"]
[Round "9"]
[Result "1/2-1/2"]
[White "Martyn Goodger"]
[Black "David Ledger"]
[WhiteElo "2164"]
[BlackElo "2254"]
[PlyCount "32"]

1. e4 e5 2. Nf3 Nc6 3. d4 exd4 4. Nxd4 Bc5 5. Be3 Qf6 6. c3
Nge7 7. Qd2 Bb6 8. Nb5 Ba5 9. N1a3 a6 10. Nd4 Bb6 11. Bc4 Ba7
12. O-O b5 13. Be2 Bb7 14. Nxc6 Bxe3 15. Qxe3 Qxc6 16. f3 O-O
1/2-1/2